[Event "AUTO-OPEN-3421"]
[Site "http://www.queenalice.com/game.php?id=1335946"]
[Date "2015.1.21"]
[Round "1"]
[White "jarkus"]
[Black "irdmoreno"]
[Result "1-0"]
[WhiteElo "1754"]
[BlackElo "1601"]

1. e4 g6 2. d4 Bg7 3. Nf3 e6 4. Nc3 Ne7 5. Bg5 f6 6. Bh4 O-O 7. Qd2 c6 8. O-O-O
d5 9. exd5 Nxd5 10. Bc4 Nxc3 11. Qxc3 b5 12. Bb3 Na6 13. Rhe1 b4 14. Qd3 Qd6 15.
Bg3 Bh6+ 16. Kb1 Bf4 17. Re4 Bxg3 18. fxg3 f5 19. Ree1 f4 20. Ng5 Rf6 21. Rf1 h6
22. Ne4 Nc5 23. Nxf6+ Kg7 24. Ne8+ 1-0

[Event "AUTO-OPEN-3421"]
[Site "http://www.queenalice.com/game.php?id=1335947"]
[Date "2015.1.21"]
[Round "1"]
[White "irdmoreno"]
[Black "jarkus"]
[Result "1-0"]
[WhiteElo "1581"]
[BlackElo "1754"]

1. e4 e5 2. Nf3 Nc6 3. Bc4 h6 4. c3 Nf6 5. d3 Bc5 6. b4 Bb6 7. Qb3 O-O 8. O-O d6
9. Bg5 hxg5 10. Nxg5 Qe7 11. Nd2 Nd7 12. Ndf3 Nd8 13. Rae1 Nf6 14. d4 exd4 15.
cxd4 c6 16. e5 d5 17. exf6 Qxf6 18. Bd3 Ne6 19. Nxe6 Bxe6 20. Qc2 Rfe8 21. Ne5
Bxd4 22. Bh7+ Kf8 23. Nf3 Bb6 24. Re2 g6 25. Rfe1 Kg7 26. Bxg6 fxg6 27. Qb2 Qxb2
28. Rxb2 a5 29. bxa5 Bxa5 30. Rxb7+ Kf6 31. Reb1 Bf5 32. R1b3 Bg4 33. h3 Bc8 34.
Rh7 Ba6 35. Nh4 c5 36. Rf3+ Ke6 37. Rh6 Be2 38. Rxg6+ Kd7 39. Rb3 Kc7 40. Rg7+
Kc8 41. Nf5 Bc4 42. Rbb7 Ba6 43. Nd6+ Kd8 44. Rgd7# 1-0

[Event "AUTO-OPEN-3421"]
[Site "http://www.queenalice.com/game.php?id=1335948"]
[Date "2015.1.21"]
[Round "1"]
[White "jarkus"]
[Black "seega"]
[Result "0-1"]
[WhiteElo "1741"]
[BlackElo "2234"]

1. e4 c5 2. Nf3 e6 3. d4 cxd4 4. Nxd4 a6 5. Bc4 Qc7 6. b3 Nf6 7. Nc3 Bb4 8. Bd2
Bxc3 9. Bxc3 b5 10. Bd3 Qxc3+ 11. Ke2 Qxd4 12. h3 Nc6 13. a3 Nxe4 14. Qe1 Bb7
15. Bxe4 Qxe4+ 16. Kf1 Qg6 17. Rg1 O-O 18. c3 Na5 19. b4 Nb3 20. Rd1 Bd5 21. Rd3
Qxd3+ 0-1

[Event "AUTO-OPEN-3421"]
[Site "http://www.queenalice.com/game.php?id=1335949"]
[Date "2015.1.21"]
[Round "1"]
[White "seega"]
[Black "jarkus"]
[Result "1-0"]
[WhiteElo "2242"]
[BlackElo "1756"]

1. Nf3 d5 2. d4 Nc6 3. c4 dxc4 4. d5 Na5 5. Qa4+ Qd7 6. Qxa5 Nf6 7. Nc3 b6 8.
Qb5 Qxb5 9. Nxb5 Nxd5 10. Bd2 a6 11. Nbd4 e6 12. e4 e5 13. Nxe5 c5 14. exd5 cxd4
15. Bxc4 b5 16. Bb3 Bd6 17. Nc6 Kd7 18. O-O Re8 19. Nxd4 Bc5 20. Be3 Bb7 21. Nf5
Bxe3 22. Nxe3 Rac8 23. Rac1 Ke7 24. Nf5+ Kf8 25. Rxc8 Bxc8 26. Nd6 Rd8 27. Nxc8
Rxc8 28. g3 g6 29. d6 Rd8 30. Rd1 f6 31. Rd2 h6 32. Bd1 Kf7 33. Bf3 Ke6 34. Bb7
a5 35. Bc6 b4 36. d7 h5 37. Re2+ 1-0

[Event "AUTO-OPEN-3534"]
[Site "http://www.queenalice.com/game.php?id=1380498"]
[Date "2015.8.30"]
[Round "1"]
[White "Parma"]
[Black "jarkus"]
[Result "1-0"]
[WhiteElo "1769"]
[BlackElo "1677"]

1. d4 Nf6 2. c4 e6 3. Nf3 Bb4+ 4. Bd2 Bxd2+ 5. Nbxd2 O-O 6. e3 d6 7. Be2 c6 8.
O-O Re8 9. Bd3 h6 10. h3 Nbd7 11. Qc2 c5 12. e4 b6 13. d5 exd5 14. exd5 Nh5 15.
Rae1 Ne5 16. Nxe5 Rxe5 17. Rxe5 dxe5 18. Re1 Qe8 19. Nf3 f6 20. Bg6 Qe7 21. Bxh5
Bd7 22. Nh4 a6 23. f4 b5 24. b3 Be8 25. Bg6 Bxg6 26. Nxg6 Qe8 27. fxe5 Kh7 28.
Nf4+ Kg8 29. e6 b4 30. d6 Rd8 31. Qd2 Kf8 32. d7 Qe7 33. Ng6+ 1-0

[Event "AUTO-OPEN-3534"]
[Site "http://www.queenalice.com/game.php?id=1380499"]
[Date "2015.8.30"]
[Round "1"]
[White "jarkus"]
[Black "Parma"]
[Result "0-1"]
[WhiteElo "1665"]
[BlackElo "1755"]

1. e4 c5 2. Nf3 e6 3. d4 cxd4 4. Nxd4 d6 5. Bb5+ Bd7 6. O-O Be7 7. Nc3 a6 8. Ba4
b5 9. Bb3 Nc6 10. Re1 Na5 11. Nce2 Nxb3 12. axb3 e5 13. Nf3 Nf6 14. h3 O-O 15.
Bd2 Nxe4 16. Ba5 Qc8 17. Rc1 f5 18. Bb4 Rf6 19. c4 Qe8 20. Ra1 f4 21. Qd5+ Be6
22. Qxe4 bxc4 23. bxc4 Rg6 24. g4 fxg3 25. fxg3 Bxh3 26. Rad1 Rb8 27. Ba3 Bg4
28. Rd3 Qf7 29. Rf1 Qe6 30. Rf2 Bf5 31. Qd5 Bxd3 32. Qxd3 e4 0-1

[Event "AUTO-OPEN-3534"]
[Site "http://www.queenalice.com/game.php?id=1380518"]
[Date "2015.8.30"]
[Round "1"]
[White "NatanEstivallet"]
[Black "jarkus"]
[Result "1-0"]
[WhiteElo "2206"]
[BlackElo "1679"]

1. e4 e5 2. Nf3 d6 3. d4 exd4 4. Qxd4 Nc6 5. Bb5 Bd7 6. Bxc6 Bxc6 7. Nc3 h6 8.
Bf4 Be7 9. Qxg7 Bf6 10. Qg3 Qe7 11. O-O O-O-O 12. e5 dxe5 13. Nxe5 Bg5 14. Bxg5
hxg5 15. Nxc6 bxc6 16. Rfe1 Qf6 17. Ne4 Qxb2 18. Qg4+ Kb8 19. Rab1 Qxb1 20.
Rxb1+ Ka8 21. Nc5 Rd5 22. Qc8# 1-0

[Event "AUTO-OPEN-3534"]
[Site "http://www.queenalice.com/game.php?id=1380519"]
[Date "2015.8.30"]
[Round "1"]
[White "jarkus"]
[Black "NatanEstivallet"]
[Result "0-1"]
[WhiteElo "1681"]
[BlackElo "2179"]

1. e4 c5 2. Nf3 d6 3. d4 cxd4 4. Nxd4 Nf6 5. Nc3 a6 6. Bc4 e6 7. O-O Be7 8. Re1
O-O 9. b4 Qc7 10. Qd3 Nbd7 11. a3 Ne5 12. Qg3 Qxc4 13. Rd1 Qc7 14. Bh6 Ng6 15.
Nf3 gxh6 16. Nh4 Qc6 17. Rd3 Nxe4 18. Nxe4 Qxe4 0-1

[Event "AUTO-ADV-3794"]
[Site "http://www.queenalice.com/game.php?id=1468192"]
[Date "2017.3.10"]
[Round "1"]
[White "Prosperidade"]
[Black "jarkus"]
[Result "1-0"]
[WhiteElo "2008"]
[BlackElo "1651"]

1. d4 d5 2. c4 dxc4 3. Nc3 e6 4. e4 Nc6 5. Nf3 Bb4 6. Bxc4 Nge7 7. O-O O-O 8. a3
Ba5 9. Bg5 h6 10. Bh4 Re8 11. b4 Bb6 12. d5 exd5 13. exd5 1-0

[Event "AUTO-ADV-3794"]
[Site "http://www.queenalice.com/game.php?id=1468193"]
[Date "2017.3.10"]
[Round "1"]
[White "jarkus"]
[Black "Prosperidade"]
[Result "0-1"]
[WhiteElo "1649"]
[BlackElo "2010"]

1. e4 e5 2. Nf3 d6 3. d4 Bg4 4. d5 a6 5. h3 Bxf3 6. Qxf3 Nf6 7. Nc3 Be7 8. Be2
c6 9. dxc6 Nxc6 10. Bd2 Nd4 11. Qd3 O-O 12. O-O-O b5 13. a3 d5 0-1

[Event "AUTO-ADV-3794"]
[Site "http://www.queenalice.com/game.php?id=1468206"]
[Date "2017.3.10"]
[Round "1"]
[White "jarkus"]
[Black "luiz_gustavo"]
[Result "0-1"]
[WhiteElo "1613"]
[BlackElo "1939"]

1. e4 e5 2. Nf3 Nc6 3. d4 exd4 4. Nxd4 Nxd4 5. Qxd4 Nf6 6. a3 Be7 7. Bc4 O-O 8.
O-O c5 9. Qd3 d6 10. Re1 a6 11. Nc3 b5 12. Ba2 c4 13. Qd2 Bb7 14. Bb1 Qb6 15. b4
cxb3 16. cxb3 Rad8 17. Re3 Nd7 18. Rg3 Bf6 19. Ra2 Ne5 20. Bb2 Bh4 0-1

[Event "AUTO-ADV-3794"]
[Site "http://www.queenalice.com/game.php?id=1468207"]
[Date "2017.3.10"]
[Round "1"]
[White "luiz_gustavo"]
[Black "jarkus"]
[Result "1-0"]
[WhiteElo "1942"]
[BlackElo "1610"]

1. e4 d6 2. d4 e6 3. Nf3 h6 4. Nc3 Nf6 5. Bc4 Nc6 6. h3 Be7 7. O-O O-O 8. Re1 a6
9. Bf4 Re8 10. Qe2 Nh5 11. Bh2 Na5 12. d5 e5 13. Nd2 Nf6 14. Nb3 Nxc4 15. Qxc4
b6 16. Rad1 Bb7 17. Qd3 Qc8 18. Nd2 b5 19. Nf3 Nh5 20. Ne2 Nf6 21. b3 1-0

[Event "AUTO-ADV-3794"]
[Site "http://www.queenalice.com/game.php?id=1468208"]
[Date "2017.3.10"]
[Round "1"]
[White "jarkus"]
[Black "dadaspazzi"]
[Result "0-1"]
[WhiteElo "1653"]
[BlackElo "2057"]

1. e4 c5 2. Nf3 e6 3. d4 cxd4 4. Nxd4 a6 5. Bc4 Nf6 6. Nc3 Nc6 7. O-O d6 8. Bg5
Be7 9. Re1 O-O 10. a3 Qc7 11. b3 b5 12. Be2 Bb7 13. b4 Ne5 14. Bd2 Nc4 15. Bc1
Ne5 16. Bd3 Qxc3 17. Bb2 Qxb2 0-1

[Event "AUTO-ADV-3794"]
[Site "http://www.queenalice.com/game.php?id=1468209"]
[Date "2017.3.10"]
[Round "1"]
[White "dadaspazzi"]
[Black "jarkus"]
[Result "1-0"]
[WhiteElo "2059"]
[BlackElo "1647"]

1. d4 d5 2. c4 dxc4 3. e4 e6 4. Bxc4 Nc6 5. Nf3 Nge7 6. O-O g6 7. Bg5 h6 8. Bf6
Rg8 9. d5 Na5 10. Bb5+ c6 11. Ba4 Qd7 12. d6 Nc4 13. Ne5 Qxd6 14. Nxc4 Qxd1 15.
Rxd1 b5 16. Nd6+ Kd7 17. Nxf7+ Kc7 18. Be5+ Kb7 19. Bb3 1-0

[Event "Challenge"]
[Site "http://www.queenalice.com/game.php?id=1470031"]
[Date "2017.3.23"]
[Round "-"]
[White "jarkus"]
[Black "Excsiu"]
[Result "0-1"]
[WhiteElo "1620"]
[BlackElo "1849"]

1. e4 e5 2. Nf3 Nc6 3. d4 exd4 4. Nxd4 Nf6 5. Nxc6 bxc6 6. Nc3 Bb4 7. Qd3 O-O 8.
Bd2 Re8 9. O-O-O Bxc3 10. Bxc3 Nxe4 11. Be1 Qg5+ 12. Kb1 d5 13. f3 Nc5 14. Qd4
Ne6 0-1